000
00262nam a2200097Ia 4500
001
998003
005
20250826221534.0
008
250824s9999 xx 000 0 und d
245
0
_a
DAHİLER SINIFI/STEPHEN HAWKİNG/N5
_c
ACOBO OLİVERİ
260
_b
DOMİNGO YAYINLARI
999
_c
998003
_d
998003